[Event "XXII OPEN INTERNACIONAL CIUTAT DE MONTCADA - Grup "]
[Site "Montcada i Reixac (Barcelona)"]
[Date "2014.06.25"]
[Round "1"]
[Board "1"]
[White "Escobar Forero, Alder"]
[Black "Ni, Hua"]
[Result "1/2-1/2"]
[WhiteElo "2445"]
[BlackElo "2653"]
[PlyCount "62"]
[EventDate "2014.06.25"]
[EventRounds "9"]
[EventCountry "ESP"]

1. e4 c5 2. Nf3 e6 3. d4 cxd4 4. Nxd4 Nc6 5. Nc3 Qc7 6. f4 a6 7. Nxc6 Qxc6 8.
Bd3 b5 9. Qe2 Bb7 10. Bd2 Bc5 11. O-O-O Ne7 12. a3 Rc8 13. Rhf1 Bd4 14. Kb1 O-O
15. g4 Qb6 16. Na2 Qc7 17. g5 d5 18. e5 Bc5 19. Rf3 Nf5 20. Rh3 g6 21. Nc3 Rfd8
22. Qe1 d4 23. Ne4 Bxe4 24. Bxe4 Qe7 25. Ba5 Rd7 26. Rdd3 Ne3 27. Rh6 Qf8 28.
Bd2 Rcd8 29. Ba5 Rc8 30. Bd2 Rcd8 31. Ba5 Rc8 1/2-1/2

[Event "XXII OPEN INTERNACIONAL CIUTAT DE MONTCADA - Grup "]
[Site "Montcada i Reixac (Barcelona)"]
[Date "2014.06.25"]
[Round "1"]
[Board "2"]
[White "Zherebukh, Yaroslav"]
[Black "Saptarshi, Roy"]
[Result "1-0"]
[WhiteElo "2618"]
[BlackElo "2433"]
[PlyCount "68"]
[EventDate "2014.06.25"]
[EventRounds "9"]
[EventCountry "ESP"]

1. c4 e6 2. Nc3 d5 3. d4 Nf6 4. Nf3 c6 5. Bg5 Nbd7 6. e3 Qa5 7. cxd5 Nxd5 8.
Qd2 Bb4 9. Rc1 h6 10. Bh4 O-O 11. Bd3 c5 12. a3 Bxc3 13. bxc3 cxd4 14. cxd4
Qxa3 15. O-O b6 16. e4 Ne7 17. Bb5 Ng6 18. Bg3 a6 19. Bc6 Ra7 20. d5 exd5 21.
exd5 Qe7 22. Rfe1 Qf6 23. h4 h5 24. Qb4 a5 25. Qb1 Ne7 26. Ne5 Nxe5 27. Bxe5
Qxh4 28. Bb8 Ra6 29. Bd6 Ra7 30. Qxb6 Bh3 31. Bg3 Qg5 32. Qxa7 Nf5 33. Qc5 Nxg3
34. Qxf8+ Kh7 1-0

[Event "XXII OPEN INTERNACIONAL CIUTAT DE MONTCADA - Grup "]
[Site "Montcada i Reixac (Barcelona)"]
[Date "2014.06.25"]
[Round "1"]
[Board "3"]
[White "Oliva Castaneda, Kevel"]
[Black "Cori, Jorge"]
[Result "0-1"]
[WhiteElo "2427"]
[BlackElo "2608"]
[PlyCount "74"]
[EventDate "2014.06.25"]
[EventRounds "9"]
[EventCountry "ESP"]

1. Nf3 Nf6 2. c4 g6 3. Nc3 Bg7 4. e4 d6 5. d4 O-O 6. Be2 e5 7. O-O Nc6 8. d5
Ne7 9. Ne1 Nd7 10. Be3 f5 11. f3 f4 12. Bf2 g5 13. Nd3 Nf6 14. c5 Ng6 15. a4 h5
16. a5 g4 17. Qe1 h4 18. Bxh4 g3 19. Bxf6 Bxf6 20. hxg3 Kg7 21. gxf4 exf4 22.
e5 Bh4 23. Rf2 dxe5 24. Nb4 Bg3 25. Bd3 Bf5 26. Ne4 Rh8 27. Nxg3 fxg3 28. Bxf5
Qh4 29. Kf1 Qc4+ 30. Kg1 gxf2+ 31. Kxf2 Qd4+ 32. Qe3 Qxb4 33. Bxg6 Qxb2+ 34.
Kg3 Kxg6 35. Rd1 Kf6 36. Rd2 Qb4 37. Kf2 Rh1 0-1

[Event "XXII OPEN INTERNACIONAL CIUTAT DE MONTCADA - Grup "]
[Site "Montcada i Reixac (Barcelona)"]
[Date "2014.06.25"]
[Round "1"]
[Board "4"]
[White "Peralta, Fernando"]
[Black "Lorenzo De La Riva, Lazaro"]
[Result "1-0"]
[WhiteElo "2596"]
[BlackElo "2421"]
[PlyCount "87"]
[EventDate "2014.06.25"]
[EventRounds "9"]
[EventCountry "ESP"]

1. d4 Nf6 2. c4 g6 3. Nc3 d5 4. cxd5 Nxd5 5. e4 Nxc3 6. bxc3 Bg7 7. Bc4 c5 8.
Ne2 O-O 9. O-O Nc6 10. Be3 Qc7 11. Rc1 Rd8 12. Bf4 Qd7 13. d5 Na5 14. Bd3 b5
15. Rb1 a6 16. Qc1 e5 17. Be3 c4 18. Bc2 Qc7 19. f4 f6 20. Qe1 Nb7 21. Qg3 Nd6
22. h4 Bd7 23. h5 Be8 24. Rf2 gxh5 25. Rbf1 Bg6 26. f5 Be8 27. Qh4 a5 28. g4
hxg4 29. Ng3 Qf7 30. Qxg4 Kh8 31. Rh2 Bd7 32. Kf2 Bf8 33. Rb1 Be8 34. Nh5 Rd7
35. Qf3 Bg7 36. Rg1 Qf8 37. Qg4 Bxh5 38. Qxh5 Qg8 39. Qg6 Ne8 40. Bc5 Rc8 41.
Bb6 Rb7 42. Bxa5 Nd6 43. Rb1 h6 44. Rhh1 1-0

[Event "XXII OPEN INTERNACIONAL CIUTAT DE MONTCADA - Grup "]
[Site "Montcada i Reixac (Barcelona)"]
[Date "2014.06.25"]
[Round "1"]
[Board "5"]
[White "Cori T., Deysi"]
[Black "Burmakin, Vladimir"]
[Result "1-0"]
[WhiteElo "2414"]
[BlackElo "2592"]
[PlyCount "123"]
[EventDate "2014.06.25"]
[EventRounds "9"]
[EventCountry "ESP"]

1. d4 d5 2. Nf3 c6 3. Bg5 h6 4. Bh4 Qb6 5. b3 Bf5 6. e3 Nd7 7. Bd3 Bxd3 8. Qxd3
Ngf6 9. Nbd2 e6 10. O-O Be7 11. c4 Qa6 12. e4 Nxe4 13. Bxe7 Nxd2 14. Qxd2 Kxe7
15. Qb4+ Ke8 16. Rfe1 Rd8 17. cxd5 cxd5 18. Rac1 Qb6 19. Qa3 g5 20. h3 Rh7 21.
b4 a6 22. Qc3 Nf8 23. Ne5 f6 24. Nd3 Re7 25. h4 Kf7 26. h5 Kg8 27. Nc5 Qd6 28.
Qf3 Kg7 29. Re2 Rde8 30. Rce1 e5 31. Qg3 Qc7 32. dxe5 fxe5 33. Rd1 Qd6 34. Red2
Qb6 35. Rxd5 Qxb4 36. Qd3 Qg4 37. Ne4 Rf7 38. Nd6 Ree7 39. Nxf7 Rxf7 40. Rxe5
Qxh5 41. Qd4 Kh7 42. Rd5 Qg6 43. a4 Qf6 44. a5 Qxd4 45. R1xd4 Rc7 46. Rd6 Kg7
47. g3 Kh7 48. Kg2 Kg7 49. Re4 Kh7 50. Rb6 Kg7 51. Reb4 Rc5 52. Rxb7+ Kg8 53.
R4b6 Rxa5 54. Rxh6 Rd5 55. Rxa6 Nd7 56. Ra8+ Kf7 57. Raa7 Ke6 58. Rxd7 Rxd7 59.
Rxd7 Kxd7 60. Kf3 Ke6 61. Kg4 Kf6 62. Kh5 1-0

[Event "XXII OPEN INTERNACIONAL CIUTAT DE MONTCADA - Grup "]
[Site "Montcada i Reixac (Barcelona)"]
[Date "2014.06.25"]
[Round "1"]
[Board "6"]
[White "Grigoryan, Karen H."]
[Black "Cruz, Filemon"]
[Result "0-1"]
[WhiteElo "2577"]
[BlackElo "2412"]
[PlyCount "102"]
[EventDate "2014.06.25"]
[EventRounds "9"]
[EventCountry "ESP"]

1. e4 c5 2. Ne2 d6 3. g3 g6 4. Bg2 Bg7 5. c3 Nf6 6. d4 Qc7 7. O-O O-O 8. h3 e5
9. Na3 b6 10. f4 Ba6 11. d5 exf4 12. gxf4 Nbd7 13. c4 Rae8 14. Qa4 Nb8 15. Ng3
Nfd7 16. Qc2 Bd4+ 17. Kh1 Qd8 18. Bd2 Qh4 19. Be1 Qh6 20. Bc3 Bxc3 21. Qxc3 Qg7
22. Qc2 Re7 23. Rf2 Nf6 24. Raf1 Ne8 25. e5 dxe5 26. f5 f6 27. Ne4 g5 28. Qa4
Rd7 29. b4 cxb4 30. Qxb4 Nd6 31. Nxd6 Qe7 32. Nab5 Bxb5 33. cxb5 Rc8 34. h4 h6
35. hxg5 hxg5 36. Be4 Qxd6 37. Qxd6 Rxd6 38. Rh2 Rc4 39. Bd3 Rc3 40. Rf3 Nd7
41. Rfh3 Nf8 42. Bc2 Rxh3 43. Rxh3 Nd7 44. Bb3 Nc5 45. Bc4 Kg7 46. Kg2 Rd7 47.
Rh1 Ne4 48. Bd3 Nc5 49. Bc4 Kf8 50. Kf3 Ke7 51. Kg3 Kd6 0-1

[Event "XXII OPEN INTERNACIONAL CIUTAT DE MONTCADA - Grup "]
[Site "Montcada i Reixac (Barcelona)"]
[Date "2014.06.25"]
[Round "1"]
[Board "7"]
[White "Palit, Somak"]
[Black "Aroshidze, Levan"]
[Result "0-1"]
[WhiteElo "2411"]
[BlackElo "2565"]
[PlyCount "78"]
[EventDate "2014.06.25"]
[EventRounds "9"]
[EventCountry "ESP"]

1. e4 c5 2. Nf3 e6 3. b3 b6 4. Bb2 Bb7 5. Nc3 a6 6. g3 Nf6 7. Qe2 Nc6 8. Bg2
Qc7 9. O-O d6 10. Rfe1 Be7 11. e5 dxe5 12. Nxe5 Nd4 13. Qd1 Bxg2 14. Kxg2 Qb7+
15. f3 O-O 16. Ne4 Rad8 17. Bxd4 cxd4 18. Qe2 h6 19. Nxf6+ Bxf6 20. Ng4 Be7 21.
c4 dxc3 22. dxc3 b5 23. Rad1 Qc7 24. Rc1 Qa5 25. Ne5 Rd6 26. Rc2 Rfd8 27. f4
Bf6 28. Qf3 Rd2+ 29. Re2 Rxc2 30. Rxc2 Bxe5 31. fxe5 Rd5 32. Qf4 Qc7 33. c4
Rxe5 34. c5 g5 35. Qf3 Rxc5 36. Qa8+ Kg7 37. Rxc5 Qxc5 38. Qxa6 b4 39. Qb7 Qd5+
 0-1

[Event "XXII OPEN INTERNACIONAL CIUTAT DE MONTCADA - Grup "]
[Site "Montcada i Reixac (Barcelona)"]
[Date "2014.06.25"]
[Round "1"]
[Board "8"]
[White "Cruz, Cristhian"]
[Black "Martinez Romero, Martin"]
[Result "1-0"]
[WhiteElo "2563"]
[BlackElo "2401"]
[PlyCount "65"]
[EventDate "2014.06.25"]
[EventRounds "9"]
[EventCountry "ESP"]

1. c4 Nf6 2. Nc3 g6 3. d4 d5 4. cxd5 Nxd5 5. Bd2 Nb6 6. Nf3 Bg7 7. e3 O-O 8.
Be2 Nc6 9. Qb3 Be6 10. Qb5 a5 11. O-O a4 12. Ne4 Na7 13. Qc5 Nc6 14. Rfd1 Qd5
15. Nfg5 Bf5 16. Bf3 Qd8 17. Ng3 Bd7 18. d5 Ne5 19. Bc3 h6 20. Ne6 Bxe6 21.
dxe6 Nxf3+ 22. gxf3 Qc8 23. Bxg7 Kxg7 24. exf7 Rxf7 25. Rac1 Qe6 26. Qd4+ Kh7
27. Rxc7 Raf8 28. f4 Nc8 29. Qd7 Qxd7 30. Rdxd7 b5 31. Ne4 Kg8 32. Rd5 b4 33.
Rb5 1-0

[Event "XXII OPEN INTERNACIONAL CIUTAT DE MONTCADA - Grup "]
[Site "Montcada i Reixac (Barcelona)"]
[Date "2014.06.25"]
[Round "1"]
[Board "9"]
[White "Sanchez Enriquez, Oscar Gerard"]
[Black "Naroditsky, Daniel"]
[Result "0-1"]
[WhiteElo "2401"]
[BlackElo "2559"]
[PlyCount "92"]
[EventDate "2014.06.25"]
[EventRounds "9"]
[EventCountry "ESP"]

1. Nf3 Nf6 2. c4 b6 3. d4 Bb7 4. e3 g6 5. Nc3 Bg7 6. Bd3 O-O 7. e4 d6 8. O-O
Nbd7 9. Rb1 e6 10. Re1 a6 11. Bf1 c5 12. d5 exd5 13. exd5 b5 14. b3 b4 15. Na4
Nb6 16. Nxb6 Qxb6 17. Bf4 Rae8 18. Bd3 Rxe1+ 19. Qxe1 Re8 20. Qd2 Nh5 21. Bh6
Bc3 22. Qc1 Bc8 23. h3 Qd8 24. g4 Ng7 25. Bg5 Qd7 26. Bd2 f5 27. Bxc3 bxc3 28.
Qh6 fxg4 29. Bxg6 hxg6 30. Ng5 Qf5 31. Qh7+ Kf8 32. Qh8+ Ke7 33. Qxg7+ Kd8 34.
Nf7+ Kc7 35. Nh6+ Qd7 36. Qxc3 gxh3 37. b4 Qe7 38. Qg3 Qe5 39. Qxg6 Re7 40. Nf7
Qf4 41. bxc5 Rxf7 42. cxd6+ Kd8 43. Rb2 Rf5 44. Qg8+ Rf8 45. Qg7 Qxd6 46. Rb6
Qf4 0-1

[Event "XXII OPEN INTERNACIONAL CIUTAT DE MONTCADA - Grup "]
[Site "Montcada i Reixac (Barcelona)"]
[Date "2014.06.25"]
[Round "1"]
[Board "10"]
[White "Vasquez Schroeder, Rodrigo"]
[Black "Perpinya Rofes, Lluis Maria"]
[Result "0-1"]
[WhiteElo "2551"]
[BlackElo "2400"]
[PlyCount "92"]
[EventDate "2014.06.25"]
[EventRounds "9"]
[EventCountry "ESP"]

1. e4 c5 2. Nf3 Nc6 3. d4 cxd4 4. Nxd4 e6 5. Nb5 Nf6 6. N1c3 Bc5 7. Bf4 O-O 8.
Bc7 Qe7 9. Bd6 Bxd6 10. Qxd6 Qd8 11. O-O-O a6 12. Nd4 Qb6 13. f3 Ne8 14. Na4
Qa5 15. Qa3 Nxd4 16. Rxd4 b5 17. Qc3 Qd8 18. Nc5 d6 19. Nb3 e5 20. Rd1 Be6 21.
Kb1 Qb6 22. Qa5 Qf2 23. Qd2 Qb6 24. Qb4 Rc8 25. Bd3 Bc4 26. Bxc4 Rxc4 27. Qa5
Qc6 28. Qd2 Qc7 29. g4 b4 30. Rhe1 a5 31. Re3 g6 32. Rd3 a4 33. Nc1 Ng7 34. Ne2
Rc8 35. Rc1 Ne6 36. c3 bxc3 37. Rcxc3 Kg7 38. Rxd6 Rxc3 39. Nxc3 a3 40. Nb5 Qc5
41. Nxa3 Nd4 42. Rd5 Nxf3 43. Qd1 Qe3 44. Nc2 Qxe4 45. Qd3 Qa4 46. b4 Ne1 0-1

[Event "XXII OPEN INTERNACIONAL CIUTAT DE MONTCADA - Grup "]
[Site "Montcada i Reixac (Barcelona)"]
[Date "2014.06.25"]
[Round "1"]
[Board "11"]
[White "Ruiz C, Joshua D"]
[Black "Narciso Dublan, Marc"]
[Result "1-0"]
[WhiteElo "2387"]
[BlackElo "2538"]
[PlyCount "61"]
[EventDate "2014.06.25"]
[EventRounds "9"]
[EventCountry "ESP"]

1. e4 e5 2. Nf3 Nc6 3. d4 exd4 4. Nxd4 Bc5 5. Nb3 Bb6 6. Nc3 d6 7. Qe2 Nge7 8.
Be3 O-O 9. O-O-O f5 10. f4 fxe4 11. g3 Nf5 12. Bxb6 axb6 13. Bg2 e3 14. Be4
Nce7 15. Rhf1 c6 16. g4 Nh6 17. h3 b5 18. a3 d5 19. Qxe3 Qc7 20. Bh1 Nf7 21. f5
Nd6 22. Rde1 Rf7 23. Qg3 Ne8 24. Re5 Nd6 25. Re2 b6 26. Rfe1 Ra7 27. Nd4 Kf8
28. Nxd5 cxd5 29. Bxd5 Qc5 30. Bxf7 Nxf7 31. Qb8 1-0

[Event "XXII OPEN INTERNACIONAL CIUTAT DE MONTCADA - Grup "]
[Site "Montcada i Reixac (Barcelona)"]
[Date "2014.06.25"]
[Round "1"]
[Board "13"]
[White "Sanchez, Sebastian Felipe"]
[Black "Gomez Garrido, Camilo Ernesto"]
[Result "0-1"]
[WhiteElo "2375"]
[BlackElo "2495"]
[PlyCount "74"]
[EventDate "2014.06.25"]
[EventRounds "9"]
[EventCountry "ESP"]

1. e4 c5 2. Nf3 d6 3. d4 Nf6 4. Nc3 cxd4 5. Nxd4 a6 6. Bg5 e6 7. f4 Qc7 8. Qf3
b5 9. Bd3 b4 10. Nce2 Nbd7 11. O-O-O Bb7 12. Kb1 Be7 13. g4 Nc5 14. Bxf6 Bxf6
15. g5 Bxd4 16. Nxd4 O-O-O 17. Rhe1 g6 18. Qh3 Kb8 19. Nb3 a5 20. Qe3 a4 21.
Nd2 d5 22. exd5 Bxd5 23. Bc4 Bb7 24. Bb5 Qd6 25. Kc1 Qb6 26. Bf1 Bd5 27. Bc4
Bb7 28. Bf1 Bd5 29. Bc4 Bg2 30. f5 Ka7 31. fxe6 fxe6 32. Qg3 Bb7 33. Re5 Rc8
34. Qe3 Rhd8 35. Re1 Rc7 36. Kb1 Qd6 37. Bd3 Qd4 0-1

[Event "XXII OPEN INTERNACIONAL CIUTAT DE MONTCADA - Grup "]
[Site "Montcada i Reixac (Barcelona)"]
[Date "2014.06.25"]
[Round "1"]
[Board "14"]
[White "Gonzalez Perez, Arian"]
[Black "Akshat, Khamparia"]
[Result "1/2-1/2"]
[WhiteElo "2494"]
[BlackElo "2367"]
[PlyCount "132"]
[EventDate "2014.06.25"]
[EventRounds "9"]
[EventCountry "ESP"]

1. e4 c5 2. Nf3 Nc6 3. d4 cxd4 4. Nxd4 g6 5. Nc3 Bg7 6. Nb3 Nf6 7. Be2 O-O 8.
f4 d6 9. Be3 a6 10. O-O b5 11. Bf3 e5 12. f5 b4 13. Nd5 Nxd5 14. Qxd5 Bb7 15.
Rad1 Qc8 16. Qxd6 Rd8 17. Qc5 Nd4 18. Bxd4 exd4 19. Qxb4 a5 20. Qd2 a4 21. Nc1
Re8 22. Rde1 a3 23. b3 gxf5 24. exf5 Rxe1 25. Qxe1 Bxf3 26. Rxf3 Qxc2 27. f6
Rc8 28. Nd3 Bxf6 29. Qe4 Bg7 30. Qf5 Rc7 31. h3 Qxa2 32. Qg5 Rd7 33. Qb5 Rd8
34. Rg3 Qd2 35. Qb6 Re8 36. Qf6 Qe3+ 37. Rxe3 dxe3 38. Qc6 Rd8 39. Nb4 e2 40.
Kf2 Rd4 41. Na2 Rd2 42. Qc8+ Bf8 43. Nc1 a2 44. Qa8 Rd1 45. Kxe2 Rxc1 46. Qxa2
Rc6 47. Qa8 Rb6 48. Qd5 h6 49. Qc4 Rb4 50. Qc3 Rb6 51. Kd3 Rg6 52. g4 h5 53.
Qc8 hxg4 54. hxg4 Kg7 55. Kc4 Re6 56. Qd7 Re4+ 57. Kd3 Re6 58. Qd4+ Kg8 59. Kc4
Rc6+ 60. Kb5 Re6 61. Ka5 Re8 62. Qf4 Re6 63. b4 Bxb4+ 64. Kxb4 Rb6+ 65. Kc5 Re6
66. Kd5 Kg7 1/2-1/2

[Event "XXII OPEN INTERNACIONAL CIUTAT DE MONTCADA - Grup "]
[Site "Montcada i Reixac (Barcelona)"]
[Date "2014.06.25"]
[Round "1"]
[Board "15"]
[White "Das, Sayantan"]
[Black "Ghosh, Diptayan"]
[Result "1/2-1/2"]
[WhiteElo "2352"]
[BlackElo "2487"]
[PlyCount "50"]
[EventDate "2014.06.25"]
[EventRounds "9"]
[EventCountry "ESP"]

1. e4 e5 2. Nf3 Nc6 3. Bb5 a6 4. Ba4 Nf6 5. O-O Be7 6. Re1 b5 7. Bb3 d6 8. c3
O-O 9. h3 Nd7 10. d4 Bb7 11. Nbd2 Re8 12. Nf1 Bf6 13. Ng3 exd4 14. cxd4 Na5 15.
Bc2 g6 16. Bf4 Nf8 17. b3 c5 18. Rc1 Ne6 19. Be3 cxd4 20. Nxd4 Rc8 21. Nxe6
Rxe6 22. Bb1 Rxc1 23. Bxc1 d5 24. Re2 d4 25. Rd2 Nc6 1/2-1/2

[Event "XXII OPEN INTERNACIONAL CIUTAT DE MONTCADA - Grup "]
[Site "Montcada i Reixac (Barcelona)"]
[Date "2014.06.25"]
[Round "1"]
[Board "16"]
[White "Moreno Ruiz, Javier"]
[Black "Ibanez Tarradellas, Eduardo"]
[Result "1-0"]
[WhiteElo "2486"]
[BlackElo "2336"]
[PlyCount "59"]
[EventDate "2014.06.25"]
[EventRounds "9"]
[EventCountry "ESP"]

1. c4 Nc6 2. g3 e5 3. Bg2 f5 4. Nc3 Nf6 5. e3 g6 6. Nge2 Bg7 7. d3 O-O 8. O-O
d6 9. Rb1 Be6 10. Nd5 Qd7 11. b4 Nd8 12. b5 c6 13. bxc6 bxc6 14. Nxf6+ Bxf6 15.
Qa4 Rc8 16. Ba3 Rf7 17. Rfd1 d5 18. d4 exd4 19. Nxd4 Bxd4 20. cxd5 cxd5 21.
Qxd4 Nc6 22. Qf4 d4 23. exd4 Bd5 24. Rbc1 Bxg2 25. Kxg2 Qd5+ 26. Qf3 Qxa2 27.
d5 Ne7 28. d6 Rxc1 29. dxe7 Rxe7 30. Rxc1 1-0

[Event "XXII OPEN INTERNACIONAL CIUTAT DE MONTCADA - Grup "]
[Site "Montcada i Reixac (Barcelona)"]
[Date "2014.06.25"]
[Round "1"]
[Board "17"]
[White "Gemy, Jose Daniel"]
[Black "Cuartas, Jaime Alexander"]
[Result "0-1"]
[WhiteElo "2330"]
[BlackElo "2483"]
[PlyCount "92"]
[EventDate "2014.06.25"]
[EventRounds "9"]
[EventCountry "ESP"]

1. Nf3 c5 2. c4 Nc6 3. Nc3 g6 4. g3 Bg7 5. Bg2 d6 6. O-O Nh6 7. a3 O-O 8. Rb1
b6 9. d3 Bb7 10. Bd2 Nf5 11. Ne1 Qd7 12. b4 e6 13. Nc2 Rfd8 14. a4 cxb4 15.
Nxb4 Nxb4 16. Bxb7 Qxb7 17. Rxb4 d5 18. cxd5 exd5 19. Qb1 Rac8 20. Rc1 Nd4 21.
Kf1 Re8 22. Nb5 Nxe2 23. Nd6 Rxc1+ 24. Bxc1 Qe7 25. Nxe8 Nxc1 26. Nxg7 Qe2+ 27.
Kg2 Nxd3 28. Rb3 Qxf2+ 29. Kh3 Nc5 30. Rb2 Qf3 31. Qa1 Qf6 32. a5 Kxg7 33. axb6
axb6 34. Qb1 Nd3 35. Rb3 Qf5+ 36. Kg2 Qe4+ 37. Kg1 Qe3+ 38. Kg2 Qf2+ 39. Kh3
Ne5 40. Qb2 Qf1+ 41. Qg2 Qf5+ 42. g4 Qe6 43. Rb5 Nd3 44. Qf3 h5 45. Kg3 Qe5+
46. Kh3 hxg4+ 0-1

[Event "XXII OPEN INTERNACIONAL CIUTAT DE MONTCADA - Grup "]
[Site "Montcada i Reixac (Barcelona)"]
[Date "2014.06.25"]
[Round "1"]
[Board "18"]
[White "Arun Prasad, S."]
[Black "Sardana, Rishi"]
[Result "0-1"]
[WhiteElo "2472"]
[BlackElo "2316"]
[PlyCount "82"]
[EventDate "2014.06.25"]
[EventRounds "9"]
[EventCountry "ESP"]

1. d4 d5 2. c4 c5 3. e3 Nf6 4. Nc3 a6 5. Nf3 Bf5 6. Ne5 Nbd7 7. Qb3 Ra7 8. Nxd7
Qxd7 9. cxd5 Nxd5 10. Na4 e6 11. Bd2 b5 12. Ba5 Bd6 13. Nxc5 Qe7 14. Rc1 O-O
15. Be2 e5 16. dxe5 Qxe5 17. Bc3 Qe7 18. Nd3 Bxd3 19. Bxd3 Be5 20. Bb4 Bd6 21.
Bc3 Be5 22. Bb4 Bd6 23. Bxd6 Qxd6 24. Rd1 Rc7 25. O-O g6 26. a3 Re8 27. h3 Kg7
28. Rfe1 Qe5 29. Qa2 Rc5 30. Qb1 h5 31. Re2 Qc7 32. Qa2 Qe5 33. Qb3 Qc7 34. Qb4
Qe5 35. Qe1 Qg5 36. Bb1 Qe5 37. Red2 Rc4 38. Qe2 Rec8 39. Ba2 R4c5 40. Bb3 a5
41. Rd4 a4 0-1

[Event "XXII OPEN INTERNACIONAL CIUTAT DE MONTCADA - Grup "]
[Site "Montcada i Reixac (Barcelona)"]
[Date "2014.06.25"]
[Round "1"]
[Board "19"]
[White "Vehi Bach, Victor Manuel"]
[Black "Vishnu, Prasanna. V"]
[Result "0-1"]
[WhiteElo "2313"]
[BlackElo "2459"]
[PlyCount "64"]
[EventDate "2014.06.25"]
[EventRounds "9"]
[EventCountry "ESP"]

1. e4 c5 2. Nf3 Nc6 3. d4 cxd4 4. Nxd4 e6 5. Nc3 Qc7 6. Be3 a6 7. Qd2 Nf6 8.
O-O-O Be7 9. f3 b5 10. g4 Nxd4 11. Bxd4 Bb7 12. g5 Nh5 13. Kb1 O-O 14. h4 b4
15. Ne2 e5 16. Bf2 d5 17. exd5 Bxd5 18. Qxd5 Rad8 19. Bh3 Rxd5 20. Rxd5 Rd8 21.
Rhd1 Rxd5 22. Rxd5 g6 23. Rd7 Qc4 24. Nf4 Bf8 25. Nd5 Nf4 26. b3 Qc6 27. Nxf4
exf4 28. Rd3 h6 29. gxh6 Bxh6 30. h5 Bg7 31. hxg6 fxg6 32. Bg4 Qe8 0-1

[Event "XXII OPEN INTERNACIONAL CIUTAT DE MONTCADA - Grup "]
[Site "Montcada i Reixac (Barcelona)"]
[Date "2014.06.25"]
[Round "1"]
[Board "20"]
[White "Munoz Pantoja, Miguel"]
[Black "Sagar, Shah"]
[Result "1/2-1/2"]
[WhiteElo "2457"]
[BlackElo "2309"]
[PlyCount "66"]
[EventDate "2014.06.25"]
[EventRounds "9"]
[EventCountry "ESP"]

1. e4 c5 2. Nf3 Nc6 3. d4 cxd4 4. Nxd4 g6 5. c4 Nf6 6. Nc3 d6 7. Nc2 Bg7 8. Be2
Nd7 9. O-O Nc5 10. f3 Bxc3 11. bxc3 Qa5 12. Bd2 Be6 13. Nb4 Rc8 14. Nd5 O-O 15.
Qe1 Rfe8 16. Qh4 Qa4 17. Kh1 f6 18. Be3 Ne5 19. Bd4 Ncd7 20. f4 Nxc4 21. f5
Bxd5 22. exd5 g5 23. Qh6 Kh8 24. Qxg5 Rg8 25. Qf4 Nde5 26. Bf3 b6 27. Bxb6 Nxb6
28. h3 Rg5 29. Be4 Rcg8 30. Rf2 Rg3 31. Re2 Qe8 32. Qh4 R3g5 33. g4 Qf7 1/2-1/2

[Event "XXII OPEN INTERNACIONAL CIUTAT DE MONTCADA - Grup "]
[Site "Montcada i Reixac (Barcelona)"]
[Date "2014.06.25"]
[Round "1"]
[Board "21"]
[White "Arribas Robaina, Maritza"]
[Black "Panelo, Marcelo"]
[Result "0-1"]
[WhiteElo "2308"]
[BlackElo "2448"]
[PlyCount "124"]
[EventDate "2014.06.25"]
[EventRounds "9"]
[EventCountry "ESP"]

1. e4 c5 2. Nf3 d6 3. Bb5+ Bd7 4. Bxd7+ Qxd7 5. O-O Nf6 6. Re1 Nc6 7. c3 e6 8.
d4 cxd4 9. cxd4 d5 10. e5 Ne4 11. Nbd2 Nxd2 12. Bxd2 Be7 13. Rc1 O-O 14. Qe2
Qd8 15. Qb5 Qb6 16. Qxb6 axb6 17. a3 Ra4 18. Re3 Rfa8 19. Rec3 Kf8 20. Kf1 h6
21. Be3 b5 22. Rb3 b4 23. axb4 Rxb4 24. Rcc3 Ke8 25. Ke2 Ra2 26. Rxb4 Bxb4 27.
Rb3 b5 28. Bd2 Bxd2 29. Kxd2 b4 30. Kc2 Ra1 31. Re3 Kd7 32. Kd3 Rd1+ 33. Kc2
Rf1 34. Re2 Kc7 35. Kd3 Ra1 36. Ke3 Kb6 37. Rc2 Na5 38. Nd2 Re1+ 39. Kd3 Rg1
40. g3 Nc6 41. Nb3 g5 42. Ke3 Rg2 43. Nc5 Rxh2 44. Nd7+ Kb7 45. Nc5+ Kc7 46.
Nd3 Kb6 47. Rc1 h5 48. b3 h4 49. Rg1 hxg3 50. Rxg3 Rh4 51. Rxg5 Re4+ 52. Kd2
Nxd4 53. Rg7 Nxb3+ 54. Kd1 Nc5 55. Nxc5 Kxc5 56. Rxf7 Rxe5 57. Rc7+ Kb5 58. Kd2
Ka4 59. Rc5 Rf5 60. Ke2 b3 61. Rc6 d4 62. Ra6+ Kb4 0-1